Nacer a la palabra, 1er año de Educación Básica

Guardat en:
Dades bibliogràfiques
Autor principal: Aravena Derpich, Sonia (Autor)
Format: Llibre
Idioma:espanyol
Publicat: Santiago Salesiana 1992
Edició:3a. ed
Matèries:
Etiquetes: Afegir etiqueta
Sense etiquetes, Sigues el primer a etiquetar aquest registre!

MARC

LEADER 00000nam a2200000 a 4500
001 UCK7869
003 CL-VaPUC
008 051230e19920000CL |||||||||||||||||spa|d
082 0 4 |a 372.6  |b ARA  |2 21 
100 0 |a Aravena Derpich, Sonia  |e author  |9 497546 
245 1 0 |a Nacer a la palabra, 1er año de Educación Básica 
250 |a 3a. ed 
300 |a 136 p 
942 |c BK 
945 |d 20051230 00:00:00  |a cmena 
260 |a Santiago  |b Salesiana  |c 1992 
650 0 |a Educación básica   |9 224933 
650 0 |a Educación lingüística  |9 306506 
650 0 |a Métodos de enseñanza  |9 270413 
650 0 |a Libros de texto  |9 270019 
650 0 |a Enseñanza de la lectura  |9 308364 
650 0 |a Enseñanza de la escritura  |9 307377 
583 |a last modification  |c 20051230 00:00:00  |k Rodrigo Vera 
999 |c 315707  |d 315705 
952 |0 0  |1 0  |4 0  |6 372_600000000000000_ARA_1992  |7 0  |8 P  |9 389327  |a BIBEDU  |b BIBEDU  |c BIBEDU_PB  |d 2019-11-22  |i 4195310  |o 372.6 ARA 1992  |p 4195310  |r 2024-01-25  |w 2019-11-22  |y BK  |k EBA